000 00847nam a22002415i 4500
001 169161
003 ES-MaACL
005 20230906214020.0
008 080820s1996 sp |||| | spa d
017 _aB-21.670-1996
020 _a84-7664-543-0
080 _a308-054.72(=1.64:460.27)
100 1 _aPumares, Pablo.
_9138229
245 1 3 _aLa integración de los inmigrantes marroquíes
_b: familias marroquíes en la Comunidad de Madrid /
_cPablo Pumares.
260 _aBarcelona :
_bFundación "la Caixa",
_c1996.
300 _a237 p. :
_bgraf., mapas ;
_c21 cm.
490 1 _aPremios Duocastella ;
_v8
504 _aBibliografía.
650 1 4 _aMarroquíes-
_zMadrid (Comunidad Autónoma)-
_xSituación social.
_9138230
830 0 _aPremios Duocastella ;
_v8
_9188846
852 4 _aES-MaACL
_jL-29567
_9R.143094
999 _c169161
_d169161